000 00408nam a2200157Ia 4500
008 180921t xxu||||| |||| 00| 0 eng d
041 _aeng
080 _a591.52
_bDOM
100 _aKarunadasa, H.I.
245 _aDomestic use of water and sanitation
300 _a84p., ill., 27 cm
650 _aAngunakolapelessa
_aDiyahoranduwa
942 _cBK
999 _c19460
_d19460
003 LK-CoDNM
040 _aLK-CoDNM
_dLK-CoDNM
_eLK-CoDNM